History of scientific ideas / (Record no. 167920)

MARC details
000 -LEADER
campo de control de longitud fija 00712nam a22002175i 4500
001 - NÚMERO DE CONTROL
campo de control 167920
003 - IDENTIFICADOR DE NÚMERO DE CONTROL
campo de control ES-MaACL
005 - FECHA Y HORA DE LA ÚLTIMA TRANSACCIÓN
campo de control 20250814031829.0
008 - DATOS DE LONGITUD FIJA--INFORMACIÓN GENERAL
campo de control de longitud fija 050930s1858 xxk | |||||||| ||eng d
040 ## - FUENTE DE CATALOGACIÓN
Centro catalogador/agencia de origen CAM
Lengua de catalogación spa
Centro/agencia transcriptor CAM
080 ## - NÚMERO DE LA CLASIFICACIÓN DECIMAL UNIVERSAL
Número de la Clasificación Decimal Universal 001(09)
100 1# - ENTRADA PRINCIPAL--NOMBRE DE PERSONA
Nombre de persona Whewell, William.
9 (RLIN) 133919
245 10 - MENCIÓN DEL TÍTULO
Título History of scientific ideas /
Mención de responsabilidad, etc. by William Whewell.
250 ## - MENCION DE EDICION
Mención de edición 3th ed.
260 ## - PUBLICACIÓN, DISTRIBUCIÓN, ETC.
Lugar de publicación, distribución, etc. London :
Nombre del editor, distribuidor, etc. John W. Parker and son,
Fecha de publicación, distribución, etc. 1858 (
Lugar de fabricación/manufactura Cambridge :
Fabricante printed by C.J. Clay)
300 ## - DESCRIPCIÓN FÍSICA
Extensión 2 v. (XVI, 386; XV, 324 p.) ;
Dimensiones 19 cm.
650 #7 - PUNTO DE ACCESO ADICIONAL DE MATERIA--TÉRMINO DE MATERIA
Término de materia o nombre geográfico como elemento de entrada Ciencias naturales
Fuente del encabezamiento o término embne
9 (RLIN) 10984
752 ## - ENTRADA AGREGADA--NOMBRE JERÁRQUICO DEL LUGAR
País o entidad superior Gran Bretaña -
Ciudad Londres
852 ## - LOCALIZACIÓN
Ubicación ES-MaACL
Número de control de estantería G-13489-90
Nota libre -- Enc. tela
Holdings
Estatus retirado Estado de pérdida Estado de daño No para préstamo Colección Biblioteca de origen Biblioteca actual Ubicación en estantería Fecha de adquisición Total de préstamos Signatura topográfica completa Código de barras Visto por última vez Precio de reemplazo Tipo de ítem Koha
        Libros del s. XIX Biblioteca del Ateneo de Madrid Biblioteca del Ateneo de Madrid Sala Pecera Planta 3 17/01/2008   G-13489-90 1176167 23/02/2023 23/02/2023 Libro impreso antiguo